Financial Statement Analysis and Security Valuation (Record no. 2279)

MARC details
005 - DATE AND TIME OF LATEST TRANSACTION
control field 20250515131458.0
020 ## - INTERNATIONAL STANDARD BOOK NUMBER
International Standard Book Number 978-0-07-312713-2
082 ## - DEWEY DECIMAL CLASSIFICATION NUMBER
Classification number LECT 332.632 PEN
100 ## - MAIN ENTRY--PERSONAL NAME
Author name PENMAN, S. H.
245 ## - TITLE STATEMENT
Title Financial Statement Analysis and Security Valuation
250 ## - EDITION STATEMENT
Edition statement 3rd Ed.
260 ## - PUBLICATION, DISTRIBUTION, ETC.
Place of publication, distribution, etc. Boston,
Name of publisher, distributor, etc. McGraw-Hill,
Date of publication, distribution, etc. 2007.
300 ## - PHYSICAL DESCRIPTION
Extent xxiv, 776p.: ill.; figure, table.
Other physical details Index.
Dimensions 24cm.
856 ## - ELECTRONIC LOCATION AND ACCESS
Link text Access Online Book
Electronic name Financial Statement Analysis and Security Valuation
Path www.mhhe.com/penman3e
942 ## - ADDED ENTRY ELEMENTS (KOHA)
Source of classification or shelving scheme Dewey Decimal Classification
Koha item type Books
Holdings
Date last seen Total checkouts Full call number Barcode Cost, replacement price Price effective from Koha item type Lost status Source of classification or shelving scheme Damaged status Not for loan Withdrawn status Home library Current library Shelving location Date acquired Cost, normal purchase price
05/14/2025   LECT 332.632 PEN. 0000008721 165000.00 05/14/2025 Books   Dewey Decimal Classification       College of Business Education Main Library College of Business Education Main Library General Collection 11/28/2014 55000.00